000 00557nam a2200193Ia 4500
005 20250704145112.0
008 008 250516s9999 xx 000 0 hin d
020 _a9789392998683
040 _beng
_cSDCL
041 _ahin
_2hin
084 _aO152,3N17x R3
100 _aPrakash
245 0 _aSwayam Prakash :
_bChuni hui Kahaniya
246 _aस्वयं प्रकाश
_bचुनी हुई कहानियाँ
260 _aDelhi:
_bNayee Kitab Prakashan,
_c2023.
300 _a152p.
650 _aHindi
942 _cTEXL
_2CC
999 _c1429322
_d1429322